Language Quiz

Random Language or Latin Quiz

Language Toss-Up Quiz Stats

 Plays Quiz Updated Jul 2, 2018

Challenge
Share
Tweet
Embed
Score 0/116 Timer 08:00
2 Plays Today
Language Country % Correct
EnglishAntigua and Barbuda...
97.9%
SesothoLesotho, South Africa, Zimbabwe
96.2%
FrenchBelgium, Benin, Burkina Faso...
95.7%
TswanaSouth Africa, Zimbabwe
95%
NdebeleSouth Africa, Zimbabwe
95%
VendaSouth Africa, Zimbabwe
95%
XhosaSouth Africa, Zimbabwe
95%
GermanAustria, Belgium, Germany...
94.8%
ArabicAlgeria, Bahrain, Chad...
94.8%
SpanishArgentina, Bolivia, Chile...
94.1%
RussianBelarus, Kazakhstan, Kyrgyzstan...
93.8%
ItalianItaly, Switzerland
93.6%
MandarinChina, Singapore, Taiwan
93.6%
MongolianChina, Mongolia
93.3%
SwatiSouth Africa, eSwatini
92.9%
SwedishFinland, Sweden
92.8%
HindiIndia
92.8%
DanishDenmark, Germany, Greenland
92.7%
UrduIndia, Pakistan
92.7%
TamilIndia, Singapore
92.6%
AfrikaansSouth Africa
92.2%
TeluguIndia
92.2%
TsongaSouth Africa
92.2%
ZuluSouth Africa
92.2%
GreekCyprus, Greece
92%
AlbanianAlbania, Kosovo, Macedonia
91.6%
IndonesianIndonesia
91.6%
TurkishCyprus, Iraq, Turkey
91.5%
CatalanAndorra, Spain
91.5%
KyrgyzKyrgyzstan
91.1%
HungarianHungary
91.1%
PortugueseAngola, Brazil, Cabo Verde...
91.1%
MalayBrunei, Malaysia, Singapore
90.5%
New Zealand Sign LanguageNew Zealand
90.2%
FinnishFinland
90.2%
MaoriNew Zealand
90.2%
KoreanNorth Korea, South Korea
90.1%
IrishIreland
89.8%
IcelandicIceland
89.7%
Language Country % Correct
RomanianRomania, Serbia
89.7%
SlovakSerbia, Slovakia
89.7%
NorwegianNorway
89.6%
CroatianAustria, Bosnia and Herzegovina, Croatia
89.5%
BengaliBangladesh, India
89.4%
ThaiThailand
89.2%
LatvianLatvia
88.9%
DutchBelgium, Netherlands, Suriname
88.5%
LithuanianLithuania
88.3%
EstonianEstonia
87.9%
PersianAfghanistan, Iran
87.6%
MacedonianMacedonia
87.3%
HebrewIsrael
87%
TurkmenAfghanistan, Iraq, Turkmenistan
86.9%
FijianFiji
86.9%
Haitian CreoleHaiti
86.8%
SerbianBosnia and Herzegovina, Kosovo, Serbia
86.7%
LuxembourgishLuxembourg
86.5%
NepaliNepal
86.2%
SomaliSomalia
86.1%
PolishPoland
86%
ChichewaMalawi, Zimbabwe
85.8%
GeorgianGeorgia
85.7%
ArmenianArmenia
85.7%
KalangaZimbabwe
85.3%
KoisanZimbabwe
85.3%
NambyaZimbabwe
85.3%
NdauZimbabwe
85.3%
Zimbabwean Sign LanguageZimbabwe
85.3%
TongaZimbabwe
85.3%
ShonaZimbabwe
85.3%
UkrainianUkraine
84.9%
LaoLaos
84.5%
SlovenianSlovenia
84.3%
BurmeseMyanmar
84.3%
CzechCzechia
83.5%
BelarusianBelarus
83.1%
FilipinoPhilippines
83.1%
AzerbaijaniAzerbaijan
82.4%
Language Country % Correct
UzbekAfghanistan, Uzbekistan
81%
MalteseMalta
80.7%
VietnameseVietnam
80%
SamoanSamoa
79.4%
TonganTonga
78.8%
KurdishIraq
77.7%
MontenegrinMontenegro
77.4%
KazakhKazakhstan
76.6%
Seychellois CreoleSeychelles
74.6%
MarshalleseMarshall Islands
70.6%
TuvaluanTuvalu
69.9%
PalauanPalau
69.6%
SwahiliKenya, Tanzania
68.8%
NauruanNauru
64.9%
KhmerCambodia
64.2%
BalochiAfghanistan
63%
PashaiAfghanistan
63%
PamiriAfghanistan
63%
NuristaniAfghanistan
63%
PashtoAfghanistan
62%
BerberAlgeria, Morocco
58.2%
TamazightAlgeria, Morocco
57%
QuechuaBolivia, Peru
53.5%
AymaraBolivia, Peru
50.8%
RomanschSwitzerland
49.4%
TigrinyaEritrea
48.9%
AmharicEthiopia
48.4%
SinhalaMaldives, Sri Lanka
47.7%
AfarEthiopia
46.9%
MalagasyMadagascar
45.3%
KinyarwandaRwanda
41.5%
Tok PisinPapua New Guinea
38.8%
Hiri MotuPapua New Guinea
38.8%
KirundiBurundi
37.2%
DzongkhaBhutan
34.8%
GuaraniBolivia, Paraguay
34.6%
BislamaVanuatu
21.1%
TetumTimor-Leste
19.3%

You're not logged in!

Compare scores with friends on all Sporcle quizzes.
OR
Log In

You Might Also Like...

Show Comments

Extras

Top Quizzes Today


Score Distribution

Your Account Isn't Verified!

In order to create a playlist on Sporcle, you need to verify the email address you used during registration. Go to your Sporcle Settings to finish the process.

Report this User

Report this user for behavior that violates our Community Guidelines.

Details: